Zigeuner heute: Untersuchung einer Aussenseitergruppe in einer deutschen Mittelstadt
| Main Author: | |
|---|---|
| Format: | Print Book |
| Language: | German |
| Published: |
Stuttgart
Enke
1963
|
| In: |
Soziologische Gegenwartsfragen (N.F., 17)
Year: 1963 |
| Online Access: |
Table of Contents Table of Contents |
| Availability in Tübingen: | Present in Tübingen. IFK: B VI 8 |
| Check availability: | HBZ Gateway |
| Subito Delivery Service: | Order now. |
| Keywords: |
MARC
| LEADER | 00000cam a2200000 c 4500 | ||
|---|---|---|---|
| 001 | 1071525557 | ||
| 003 | DE-627 | ||
| 005 | 20260206203832.0 | ||
| 007 | tu | ||
| 008 | 850101s1963 gw ||||| m 00| ||ger c | ||
| 016 | 7 | |a 452226813 |2 DE-101 | |
| 020 | |c : 20. (kart.) | ||
| 035 | |a (DE-627)1071525557 | ||
| 035 | |a (DE-603)060812281 | ||
| 035 | |a (DE-576)001525557 | ||
| 035 | |a (DE-599)BSZ001525557 | ||
| 035 | |a (OCoLC)06922623 | ||
| 035 | |a (OCoLC)614360188 | ||
| 040 | |a DE-627 |b ger |c DE-627 |e rakwb | ||
| 041 | |a ger | ||
| 044 | |c XA-DE | ||
| 084 | |a 05b |2 sdnb | ||
| 084 | |a MS 3500 |2 rvk |0 (DE-625)rvk/123682: | ||
| 084 | |a CV 7500 |2 rvk |0 (DE-625)rvk/19168: | ||
| 084 | |a MS 3300 |2 rvk |0 (DE-625)rvk/123679: | ||
| 084 | |a LB 48015 |2 rvk |0 (DE-625)rvk/90563:778 | ||
| 084 | |a 71.37 |2 bkl | ||
| 084 | |a 70.03 |2 bkl | ||
| 084 | |a 71.37 |2 bkl | ||
| 084 | |a 73.45 |2 bkl | ||
| 100 | 1 | |8 1\p |a Jochimsen, Luc |d 1936- |0 (DE-588)121512959 |0 (DE-627)08135648X |0 (DE-576)161593178 |4 aut | |
| 109 | |a Jochimsen, Luc 1936- |a Jochimsen, Lukrezia 1936- |a Schleußinger, Lukrezia 1936- |a Jochimsen, Lucia 1936- | ||
| 245 | 1 | 0 | |a Zigeuner heute |b Untersuchung einer Aussenseitergruppe in einer deutschen Mittelstadt |c von Lukrezia Jochimsen |
| 264 | 1 | |a Stuttgart |b Enke |c 1963 | |
| 300 | |a XI, 113 S. | ||
| 336 | |a Text |b txt |2 rdacontent | ||
| 337 | |a ohne Hilfsmittel zu benutzen |b n |2 rdamedia | ||
| 338 | |a Band |b nc |2 rdacarrier | ||
| 490 | 1 | |a Soziologische Gegenwartsfragen |v N.F., 17 | |
| 500 | |a Literaturverz. S. [111] - 113 | ||
| 502 | |a Teilw. zugl.: Münster, Univ., Diss., 1963 | ||
| 583 | 1 | |a Archivierung/Langzeitarchivierung gewährleistet |f PEBW |x XA-DE-BW |2 pdager |5 DE-24 | |
| 583 | 1 | |a Massenentsäuert |c 2017 |k DE-18 |2 pdager |5 DE-18-308 | |
| 583 | 1 | |a Massenentsäuert |c 2017 |k DE-18 |2 pdager |5 DE-H16 | |
| 650 | 0 | 7 | |0 (DE-588)4067777-1 |0 (DE-627)104306386 |0 (DE-576)209171359 |a Zigeuner |2 gnd |
| 650 | 0 | 7 | |0 (DE-588)4012472-1 |0 (DE-627)106348310 |0 (DE-576)20889862X |a Diskriminierung |2 gnd |
| 651 | 7 | |0 (DE-588)4011889-7 |0 (DE-627)104732423 |0 (DE-576)208896201 |a Deutschland |g Bundesrepublik |2 gnd | |
| 655 | 7 | |a Hochschulschrift |0 (DE-588)4113937-9 |0 (DE-627)105825778 |0 (DE-576)209480580 |2 gnd-content | |
| 689 | 0 | 0 | |d g |0 (DE-588)4011889-7 |0 (DE-627)104732423 |0 (DE-576)208896201 |a Deutschland |g Bundesrepublik |2 gnd |
| 689 | 0 | 1 | |d s |0 (DE-588)4055133-7 |0 (DE-627)10615947X |0 (DE-576)209112344 |a Sinti |2 gnd |
| 689 | 0 | 2 | |d s |0 (DE-588)4181935-4 |0 (DE-627)105314234 |0 (DE-576)210008040 |a Soziale Stellung |2 gnd |
| 689 | 0 | |5 (DE-627) | |
| 700 | 1 | |a Jochimsen, Luc |d 1936- |0 (DE-588)121512959 |0 (DE-627)08135648X |0 (DE-576)161593178 |4 oth | |
| 751 | |a Münster (Westf) |0 (DE-588)4040608-8 |0 (DE-627)818071567 |0 (DE-576)209041323 |4 uvp | ||
| 830 | 0 | |a Soziologische Gegenwartsfragen |v N.F., 17 |9 NF,17 |w (DE-627)130178330 |w (DE-576)015722791 |w (DE-600)525689-6 |x 0081-3265 |7 am | |
| 856 | 4 | 2 | |u https://swbplus.bsz-bw.de/bsz001525557inh.htm |m B:DE-576;DE-352 |q application/pdf |v 20110713151212 |x Verlag |3 Inhaltsverzeichnis |7 1 |
| 856 | 4 | 2 | |u http://scans.hebis.de/HEBCGI/show.pl?06081228_toc.pdf |m V:DE-605;X:Imageware |q application/pdf |3 Inhaltsverzeichnis |7 1 |
| 883 | |8 1\p |a cgwrk |d 20241001 |q DE-101 |u https://d-nb.info/provenance/plan#cgwrk | ||
| 889 | |w (DE-627)637092899 | ||
| 889 | |w (DE-627)022017674 | ||
| 935 | |i mdedup | ||
| 935 | |h HEB |i 0501 | ||
| 935 | |h HEB |i 0503 | ||
| 936 | r | v | |a MS 3500 |b Sinti und Roma |k Soziologie |k Spezielle Soziologien |k Soziologie der Minoritäten und Randgruppen |k Sinti und Roma |0 (DE-627)1271441047 |0 (DE-625)rvk/123682: |0 (DE-576)201441047 |
| 936 | r | v | |a CV 7500 |b Kultur und Gesellschaft, Kulturvergleichende Psychologie, Massenpsychologie |k Psychologie |k Sozialpsychologie |k Kultur und Gesellschaft, Kulturvergleichende Psychologie, Massenpsychologie |0 (DE-627)1270708821 |0 (DE-625)rvk/19168: |0 (DE-576)200708821 |
| 936 | r | v | |a MS 3300 |b Allgemeine Literatur |k Soziologie |k Spezielle Soziologien |k Soziologie der Minoritäten und Randgruppen |k Allgemeine Literatur |0 (DE-627)1270879677 |0 (DE-625)rvk/123679: |0 (DE-576)200879677 |
| 936 | r | v | |a LB 48015 |b Deutschland insgesamt |k Sozial- und Kulturanthropologie. Empirische Kulturwissenschaft |k Soziale und politische Organisation und Praxis |k Ethnische Gruppen, Ethnizität, multikulturelle Gesellschaft |k Europa |k Mitteleuropa |k Deutschland |k Deutschland insgesamt |0 (DE-627)1271488582 |0 (DE-625)rvk/90563:778 |0 (DE-576)201488582 |
| 936 | b | k | |a 71.37 |
| 936 | b | k | |a 70.03 |j Methoden, Techniken und Organisation der sozialwissenschaftlichen Forschung |0 (DE-627)106414097 |
| 936 | b | k | |a 71.37 |j Ethnosoziologie |0 (DE-627)106412701 |
| 936 | b | k | |a 73.45 |j Einzelne soziale Gruppen |j Außenseiter |j Randgruppen |x Ethnologie |0 (DE-627)106416596 |
| 936 | s | n | |a m200 |2 mzub |
| 936 | s | n | |a c200 |2 mzub |
| 936 | s | n | |a l100 |2 mzub |
| 951 | |a BO | ||
| ELC | |b 1 | ||
| LOK | |0 000 xxxxxcx a22 zn 4500 | ||
| LOK | |0 001 2011155444 | ||
| LOK | |0 003 DE-627 | ||
| LOK | |0 004 1071525557 | ||
| LOK | |0 005 20020607000000 | ||
| LOK | |0 008 921023||||||||||||||||ger||||||| | ||
| LOK | |0 040 |a DE-21-110 |c DE-627 |d DE-21-110 | ||
| LOK | |0 852 |a DE-21-110 | ||
| LOK | |0 852 1 |c B VI 8 |m p |9 00 | ||
| LOK | |0 935 |a k110 | ||
| LOK | |0 936ln |a 11.2.1 | ||
| LOK | |0 938 |k p | ||
| LOK | |0 939 |a 23-10-92 |b l01 | ||
| ORI | |a SA-MARC-krimdoka001.raw | ||
| SIG | |a IFK: B VI 8 | ||
| TIM | |a 100019490523_100019901002 |b 1949-05-23 - 1990-10-02 | ||
